000 01030nam a2200277Ia 4500
003 OSt
005 20220923212000.0
006 a|||||r|||| 00| 0
007 ta
008 220922b |||||||| |||| 00| 0 hin d
024 _a76,568
037 _cTextual
040 _aARTS
_cARTS
_bhin
041 _2hin
_ahin
082 _aR66,6x1,1:g, 152L8
100 _aगगन देव गिरि
245 0 _aभगवद गीता के शंाकर भाष्य का समालोचनात्मक अध्ययन
246 _aBhagavad gītā ke shanākar bhāṣhya kā samālochanātmak adhyayana
260 _aपटना
_b ज्योति प्रकाशन
_c1978
650 _a भगवत् गीता
650 _a भारतीय दर्शन
650 _a भारतीय दर्शन
650 _aभगवत् गीता
942 _hR66,6x1,1:g, 152L8
_cTEXL
_2CC
999 _c305131
_d305131